Վտակ : (Record no. 98653)
[ view plain ]
| 000 -LEADER | |
|---|---|
| fixed length control field | 00711nam a2200205 u 4500 |
| 001 - CONTROL NUMBER | |
| control field | 000272124 |
| 003 - CONTROL NUMBER IDENTIFIER | |
| control field | AM-YeHGA |
| 005 - DATE AND TIME OF LATEST TRANSACTION | |
| control field | 20250618071807.0 |
| 008 - FIXED-LENGTH DATA ELEMENTS--GENERAL INFORMATION | |
| fixed length control field | 031015s1901 gs |||||||||||||||||arm|c |
| 040 ## - CATALOGING SOURCE | |
| Original cataloging agency | AM-YeHGA |
| 041 0# - LANGUAGE CODE | |
| Language code of text/sound track or separate title | arm |
| 090 ## - LOCALLY ASSIGNED LC-TYPE CALL NUMBER (OCLC); LOCAL CALL NUMBER (RLIN) | |
| -- | 99964 |
| 245 00 - TITLE STATEMENT | |
| Title | Վտակ : |
| Remainder of title | Գրական - բանասիրական ժողովածու / |
| Statement of responsibility, etc. | Խմբ.՝ Վ. Փափազեան. |
| 260 ## - PUBLICATION, DISTRIBUTION, ETC. | |
| Place of publication, distribution, etc. | Թիֆլիս : |
| Name of publisher, distributor, etc. | Տպարան Կ. Մարտիրոսեանցի, |
| Date of publication, distribution, etc. | 1901. |
| 300 ## - PHYSICAL DESCRIPTION | |
| Extent | 419 էջ |
| 500 ## - GENERAL NOTE | |
| General note | Գրիգոր Ջանշեանի յիշատակին |
| 650 14 - SUBJECT ADDED ENTRY--TOPICAL TERM | |
| Topical term or geographic name entry element | Հայ գրականություն |
| 700 1# - ADDED ENTRY--PERSONAL NAME | |
| Personal name | Փափազյան, Վրթանես Մեսրոպի, |
| Dates associated with a name | 1866-1920 |
| Relator term | խմբ. |
| Relationship | edt |
| 9 (RLIN) | 1606 |
| 942 ## - ADDED ENTRY ELEMENTS (KOHA) | |
| Source of classification or shelving scheme | Universal Decimal Classification |
| Koha item type | Գրքեր / Books |
| Withdrawn status | Lost status | Source of classification or shelving scheme | Damaged status | Not for loan | Collection | Home library | Current library | Date acquired | Total checkouts | Full call number | Barcode | Date last seen | Cost, replacement price | Price effective from | Koha item type | Public note |
|---|---|---|---|---|---|---|---|---|---|---|---|---|---|---|---|---|
| Universal Decimal Classification | Agulian Individual Collection | Fundamental Scientific Library | Fundamental Scientific Library | 22/12/2016 | Agul/720 | FL0080892 | 22/12/2016 | 4.00 | 22/12/2016 | Գրքեր / Books | ILL Non-Circ. | |||||
| General | Fundamental Scientific Library | Fundamental Scientific Library | 22/12/2016 | AII/30905 | 220030905 | 22/12/2016 | 22/12/2016 | Գրքեր / Books | 30 Days Loan | |||||||
| General | Fundamental Scientific Library | Fundamental Scientific Library | 22/12/2016 | AII/30907 | 220030907 | 22/12/2016 | 22/12/2016 | Գրքեր / Books | 30 Days Loan | |||||||
| General | Fundamental Scientific Library | Fundamental Scientific Library | 22/12/2016 | AII/30908 | 220030908 | 22/12/2016 | 22/12/2016 | Գրքեր / Books | 30 Days Loan | |||||||
| General | Fundamental Scientific Library | Fundamental Scientific Library | 22/12/2016 | AII/30909 | 220030909 | 22/12/2016 | 22/12/2016 | Գրքեր / Books | 30 Days Loan | |||||||
| General | Fundamental Scientific Library | Fundamental Scientific Library | 22/12/2016 | AII/30910 | 220030910 | 22/12/2016 | 22/12/2016 | Գրքեր / Books | 30 Days Loan | |||||||
| Universal Decimal Classification | Levonyan Individual Collection | Fundamental Scientific Library | Fundamental Scientific Library | 22/12/2016 | Լեվ/1433 | FL0402560 | 22/12/2016 | 22/12/2016 | Գրքեր / Books | ILL Non-Circ. | ||||||
| Universal Decimal Classification | Alpoiajian Individual Collection | Fundamental Scientific Library | Fundamental Scientific Library | 27/02/2019 | Ալպ/605 | FL0556029 | 27/02/2019 | 27/02/2019 | Գրքեր / Books | ILL Non-Circ. |
ՀՀ Գիտությունների ազգային ակադեմիայի հիմնարար գիտական գրադարան = Fundamental Scientific Library of NAS RA
All site content, except where otherwise noted, is licensed under a